00842nam a2200205 a 450008200160000010000210001624500420003725000190007926000750009830000100017350000350018350500200021865000250023870000210026394200070028495201000029195201120039195201160050399900170061900a001.42bMAB aMabry, Hunter, P aA Manual for Researchers and Writers  aSecond Edition aBangalore bBoard of Theological Education, Senate of Serampore c2011 a336p  aincludes index and biblioraphy2 aindices, biblio aResearch Methodology1 aMabry, Hunter, P cBK 00104070aHMIbHMId2005-01-01g200.00l0o001.42 MAB1p11002803r2026-01-16w2026-01-16yBK 00104070aHMIbHMId2016-10-18g200.00l8m1o001.42 MABp11-2802r2023-10-31s2023-10-31w2026-01-16yBK 00104070aHMIbHMIcGENd2019-05-07g200.00l10m3o001.42 MABp25596r2023-12-18s2023-12-08w2019-05-07yBK c19605d19605